书目信息 |
| 题名: |
低温物理
|
|
| 作者: | 卿卓夫 著 | |
| 分册: | ||
| 出版信息: | 北京 科学出版社 1954.12 |
|
| 页数: | 33页 | |
| 开本: | 20cm | |
| 丛书名: | ||
| 单 册: | ||
| 中图分类: | O51 | |
| 科图分类: | ||
| 主题词: | 低温物理学 | |
| 电子资源: | ||
| ISBN: | ||
| 000 | 00495nam0 2200193 450 | |
| 001 | 0654494062 | |
| 005 | 20060819150952.15 | |
| 010 | @dCNY0.25 | |
| 100 | @a20060819d1954 km y0chiy0120 ea | |
| 101 | 0 | @achi |
| 102 | @aCN@b110000 | |
| 200 | 1 | @a低温物理@Adi wen wu li@f卿卓夫著@Fqing zhuo fu zhu |
| 210 | @a北京@c科学出版社@d1954.12 | |
| 215 | @a33页@d20cm | |
| 606 | 0 | @a低温物理学 |
| 690 | @aO51@v3 | |
| 701 | 0 | @a卿卓夫@Aqing zhuo fu@4著 |
| 801 | 0 | @aCN@bPFT@c20060819 |
| 905 | @a10447@dO51@e14 | |
| 低温物理/卿卓夫著.-北京:科学出版社,1954.12 |
| 33页;20cm |
| ISBN :CNY0.25 |
| ● |
| 相关链接 |
|
|
|
|
正题名:低温物理
索取号:O51/14
 
预约/预借
| 序号 | 登录号 | 条形码 | 馆藏地/架位号 | 状态 | 备注 |
| 1 | 0468905 | 204689051 | 密集书库/ [索取号:O51/14] | 在馆 |